01317 a2200253 4500003000500000005001700005010001700022020001800039020003800057040000900095082001100104100002700115245009200142250001200234260004400246300003300290505037900323650003400702700001700736700002100753856010600774856009100880856009200971Nust20170207154318.0 a 2008277110 a9780470128725 a9780470279939 (pbk. : alk. paper) cNust00a005.431 aSilberschatz, Abraham.10aOperating system concepts (EBOOK)cAbraham Silberschatz, Peter Baer Galvin, Greg Gagne. a8th ed. aHoboken, NJ :bJ. Wiley & Sons,cc2009. axx, 972 p. :bill. ;c26 cm. aPART ONE: - OVERVIEW (Page-29) PART TWO: - PROCESS MANAGEMENT (Page-101) PART THREE:-PROCESS COORDINATION (Page-225) PART FOUR: - MEMORY MANAGEMENT (Page-315) PART FIVE: - STORAGE MANAGEMENT (Page-421) PART SIX:- PROTECTION AND SECURITY (Page-591) PART SEVEN:-DISTRIBUTED SYSTEMS (Page-673) PART EIGHT:- SPECIAL PURPOSE SYSTEMS (Page-759) PART NINE:- CASE STUDIES (Page-801) 0aOperating systems (Computers)1 aGagne, Greg.1 aGalvin, Peter B.423Contributor biographical informationuhttp://www.loc.gov/catdir/enhancements/fy0838/2008277110-b.html423Publisher descriptionuhttp://www.loc.gov/catdir/enhancements/fy0838/2008277110-d.html423Table of contents onlyuhttp://www.loc.gov/catdir/enhancements/fy0838/2008277110-t.html